000 00664cab a2200205 4500
001 ABS42488
008 090401t1990 xxu||||| |||| 00| 0 eng d
035 _a(Sirsi) u37206
041 _aeng
245 _aClad your house in glass to meet the new regs
260 _c1990
350 _a0
490 _aBuilding Today
_v199(5852) 19 April 1990, 28-30(3)
520 _aFocuses on thermal insulation of external walls as a third of Britain`s housing will not meet the new U-value requirement.
650 _aBUILDING REGULATIONS
_96224
650 _aENERGY CONSERVATION
690 _aBUILDING AND CONSTRUCTION-REGULATIONS
942 _n0
948 _c04/03/1997
999 _c24069
_d24069